Grammar Walks Into a Bar Quiz Stats

 Plays Quiz Updated Sep 30, 2014

Also try: English Puns
Challenge
Share
Tweet
Embed
Score 0/18 Timer 05:00
2 Plays Today
% Correct
walks into a bar?
93.1%
didn't not walk into a bar.
91%
'walk into' a bar.
90.3%
walk's into a bar.
84.8%
walks into a.
76.4%
wok inn two a barre.
75.1%
totally ripped into this bar and destroyed everything.
74.8%
ambles into a pub.
74.7%
walk into a bar. They sit. They Drink. They Leave.
74.7%
% Correct
walks into a bar, it has a drink and then leaves.
71%
walks into a bar...
69.5%
walks into a bar it is thirsty so it orders a drink.
66.3%
walked into a bar. It was tense.
62.2%
balks into a war.
61%
was walked into by the passive voice.
57.2%
decided to walk into a bar for some drinking.
49.8%
walks into a pub bar.
32.5%
walks into a bar. After finishing a drink, the bartender asks it to leave.
26.1%

You're not logged in!

Compare scores with friends on all Sporcle quizzes.
Join for Free
OR
Log In

You Might Also Like...

Show Comments

Extras

Top Quizzes Today


Score Distribution

Your Account Isn't Verified!

In order to create a playlist on Sporcle, you need to verify the email address you used during registration. Go to your Sporcle Settings to finish the process.

Report this User

Report this user for behavior that violates our Community Guidelines.

Details: